|
|
|
|
| LEADER |
00000nam0a2200000 4500 |
| 001 |
195923 |
| 005 |
20231101224645.0 |
| 010 |
|
|
|a 978935173579
|
| 035 |
|
|
|a (RuTPU)RU\TPU\book\213738
|
| 090 |
|
|
|a 195923
|
| 100 |
|
|
|a 20110517d2010 k y0rusy50 ca
|
| 101 |
0 |
|
|a rus
|
| 102 |
|
|
|a RU
|
| 105 |
|
|
|a a z 001zy
|
| 200 |
1 |
|
|a Нейросетевые аналого-цифровые преобразователи
|f В. Н. Локтюхин, С. В. Челебаев, А. В. Антоненко
|g под ред. А. И. Галушкина
|
| 210 |
|
|
|a Москва
|c Горячая линия-Телеком
|d 2010
|
| 215 |
|
|
|a 128 с.
|c ил.
|
| 320 |
|
|
|a Библиогр.: с. 126-127.
|
| 330 |
|
|
|a Рассмотрены вопросы организации, синтеза и реализации аналого-цифровых и цифроаналоговых преобразователей с использованием нейросетевых технологий. Особое внимание уделено моделям структур и процедурам настройки преобразователей частотно-временных параметров измерительных сигналов. Для специалистов, аспирантов и студентов вузов при изучении вопросов, связанных с проектированием интеллектуальных преобразователей формы предствления информации в базисе нейросетевых операций.
|
| 606 |
1 |
|
|a Преобразователи измерительные аналого-цифровые
|2 stltpush
|3 (RuTPU)RU\TPU\subj\51190
|9 69793
|
| 610 |
1 |
|
|a ИНС-преобразователи
|
| 610 |
1 |
|
|a структура
|
| 610 |
1 |
|
|a модели
|
| 610 |
1 |
|
|a иерархия
|
| 610 |
1 |
|
|a нейроны-преобразователи
|
| 610 |
1 |
|
|a функциональные модели
|
| 610 |
1 |
|
|a импульсно-аналоговые сигналы
|
| 610 |
1 |
|
|a нейро-сетевые операции
|
| 610 |
1 |
|
|a информация
|
| 610 |
1 |
|
|a формы
|
| 610 |
1 |
|
|a настройка
|
| 610 |
1 |
|
|a нейросетевые технологии
|
| 675 |
|
|
|a 681.335.2
|v 3
|
| 700 |
|
1 |
|a Локтюхин
|b В. Н.
|g Виктор Николаевич
|
| 701 |
|
1 |
|a Челебаев
|b С. В.
|g Сергей Валерьевич
|
| 701 |
|
1 |
|a Антоненко
|b А. В.
|g Андрей Васильевич
|
| 702 |
|
1 |
|a Галушкин
|b А. И.
|4 340
|
| 801 |
|
1 |
|a RU
|b 63413507
|c 20110517
|
| 801 |
|
2 |
|a RU
|b 63413507
|c 20160129
|g RCR
|
| 942 |
|
|
|c BK
|